| 000 | 00702nam a2200253Ia 4500 | ||
|---|---|---|---|
| 003 | OSt | ||
| 005 | 20220918214838.0 | ||
| 006 | a|||||r|||| 00| 0 | ||
| 007 | ta | ||
| 008 | 220917b |||||||| |||| 00| 0 eng d | ||
| 024 | _a139,127 | ||
| 037 | _cTextual | ||
| 040 |
_aARTS _cARTS _beng |
||
| 041 |
_2eng _aeng |
||
| 082 | _aY:1.20g43, L9 | ||
| 100 | _aMajumdar R C | ||
| 245 | 0 | _aIndia and South East Asia edited by K S Ramachandran and S P Gupta | |
| 260 |
_aDelhi _bB R Pub _c1979 |
||
| 300 |
_axv,217p. _ccm. |
||
| 490 | _aISPQS History and Archaeology series; 6 | ||
| 650 | _aSOCIOLOGY | ||
| 942 |
_hY:1.20g43, L9 _cTEXL _2CC |
||
| 999 |
_c262151 _d262151 |
||